000 00411nam a2200169Ia 4500
008 230524s9999 xx 000 0 und d
020 _a9788129115300
082 _bBHA
100 _aChetan Bhagat
245 0 _a2 States (The Story of My Marriage)
250 _a1
260 _aNew Delhi
_bRupa Pub
_c2009
300 _a269
500 _aQuantity Number: 2
650 _aMiscellaneous
_91877
942 _cBK
999 _c52315
_d52315